00372nam a2200097 4500008004100000100002200041245014600063300001500209700001800224773003200242190207b ||||| |||| 00| 0 eng d aO'Sullivan, Trish aConsumer product failure causing personal injury under the no-fault accident compensation scheme in New Zealand- a let-off for manufacturers? ap.211-227. aTokeley, Kate aJournal of Consumer Policy